000 00365 a2200157 4500
001 155320
040 _cEscola São Tomás de Aquino
100 _aGIOVANNI, José Ruy
240 1 0 _aMatemática pensar & descobrir
_lpor
245 1 0 _aMatemática pensar & descobrir
300 _a311
362 0 _a2002
440 1 _aFTD
697 _aMATEMÁTICA
942 _cBK
999 _c155320
_d155320